| 000 | 00884nas1a22002291 4500 | ||
|---|---|---|---|
| 001 | rc\1074433 | ||
| 005 | 20260407081006.0 | ||
| 035 | _a(NLR Aleph) 006250691 | ||
| 090 |
_a6748768 _c6748768 |
||
| 100 | _a20260208 rusy50 | ||
| 101 | 0 | _arus | |
| 102 | _aRU | ||
| 200 | 1 |
_aСводный отчет о результатах научно-исследовательских работ и научно-организационной деятельности _fВНИИ охраны природы и заповед. дела |
|
| 210 |
_aМ. _d1980- |
||
| 300 | _aВ надзаг. также: Госагропром СССР | ||
| 333 | _aДСП | ||
| 710 | 0 | 2 |
_aВНИИ охраны природы и заповедного дела _3RU\NLR\AUTH\886583 _9285045 |
| 801 | 0 |
_aRU _bNLR _gpsbo |
|
| 801 | 1 |
_aRU _bELAR _2rusmarc |
|
| 852 |
_aNLR _jП7/2182 |
||
| 942 | _cSE | ||
| 980 | _aNB | ||